Normal view
MARC view
- السكان-مصر
Entry Topical Term
001 - CONTROL NUMBER
- control field: 19205
003 - CONTROL NUMBER IDENTIFIER
- control field: JO-AjAnu
005 - DATE AND TIME OF LATEST TRANSACTION
- control field: 20230606073347.0
008 - FIXED-LENGTH DATA ELEMENTS
- fixed length control field: 230606|| aca||aabn | a|a d
040 ## - CATALOGING SOURCE
- Original cataloging agency: JO-AjAnu
- Transcribing agency: JO-AjAnu
150 ## - HEADING--TOPICAL TERM
- Topical term or geographic name entry element: السكان-مصر
670 ## - SOURCE DATA FOUND
- Source citation: Work cat.: (JO-AjAnu)9857: محمود،نجوى ابراهيم, author 19204, السياسات العامة والتغير السياسي في مصر:سياسة الاسكان دراسة حالة 1974-1986